| 000 | 02102nam0a22005171 4500 | ||
|---|---|---|---|
| 001 | RU\NLR\A1SV\44885 | ||
| 005 | 20251203171251.9 | ||
| 035 | _a(NLR Aleph) 009727034 | ||
| 090 |
_a9895017 _c9895017 |
||
| 100 | _a20021215d1926 u y0rusy50 ca | ||
| 101 | 0 | _arus | |
| 102 | _aRU | ||
| 200 | 1 |
_aВалериан Андреевич Осинский _e[Опыт биогр.] _fИ.И.Жуковский-Жук _gС предисл. Ф.Кона |
|
| 210 |
_aМ. _cНовая Москва _d1926 |
||
| 215 |
_a62 с. _cфронт. (портр.) _d19 см |
||
| 225 |
_aБ-ка раб.-крест. молодежи _fПод общ. ред. МК РЛКСМ _iСер. "Революц. движение в биогр." _fПод ред. Ф.Кона, Виленского Сибирякова, А.Шестакова (Никодима) |
||
| 320 | _aУказ. лит. о В.А.Осинском: 13 назв. | ||
| 517 | 9 | _aОсинский Валериан Андреевич | |
| 517 | 1 | _aОсинский Валериан Андреевич | |
| 600 | 1 |
_aОсинский _bВ.А. _f1852-1879 _gВалериан Андреевич |
|
| 620 | _dМосква | ||
| 700 | 1 |
_4070 _7ca _8rus _aЖуковский-Жук _bИ. И. _f1889-1937 _gИосиф Иванович _9249091 _3RU\NLR\AUTH\770249147 |
|
| 702 | 1 |
_aКон _bФ.Я. _f1864-1941 _gФеликс Яковлевич |
|
| 702 | 1 |
_aВиленский-Сибиряков _bВ.Д. _f1888-1942 _gВладимир Дмитриевич |
|
| 702 | 1 |
_6z01790 _aШестаков _bА. |
|
| 790 | 0 |
_6z01702 _aНикодим |
|
| 790 | 1 |
_6z02700 _aПлястен _bЯ.С. _f1889-1937 _gЯн Степанович _4070 |
|
| 801 | 0 |
_aRU _bNLR _c20021215 |
|
| 852 |
_aNLR _j37.29.10.1061 |
||
| 852 |
_aNLR _j37.29.10.1061а |
||
| 899 | _aБАН | ||
| 899 | _aМГУ | ||
| 899 | _aНБ Бел. | ||
| 899 | _aГИМ | ||
| 899 | _aГПИБ | ||
| 899 | _aГОПБ | ||
| 899 | _aГАРФ | ||
| 899 | _aСОУНБ | ||
| 899 | _aРКП | ||
| 899 | _aРГБ | ||
| 899 | _aНБ ТГУ | ||
| 899 | _aNLG | ||
| 942 | _cBOOK | ||
| 980 | _aNB | ||
| 980 | _aA1SV | ||